Parole italiane che derivano dall'ebraico - Statistics

Statistiche generali
  • Questo quiz è stato fatto 60 volte
  • Il punteggio medio è 5 su 10
Statistiche sulle risposte
Indizio Parola % Corretto
Il sesto giorno della settimana. Sabato
100%
Nella Bibbia, sostanza miracolosamente inviata da Dio agli Ebrei nel deserto. Nel linguaggio corrente un aiuto inaspettato, un miracolo; è tipica la frase: "una ... dal cielo" Manna
90%
Letteralmente "così sia", chiude numerose preghiere cristiane, oppure si usa per commentare qualcosa riguardo cui non si può intervenire. Amen
82%
Nome ebraico del pentateuco, cioè dei primi cinque libri della Bibbia. Torah
37%
Esclamazione di origine liturgica che significa "finalmente", "era ora". Alleluia
35%
Sinonimo di "acclamare", "cantare in onore", "elogiare", "lodare convintamente". Osannare
35%
Insediamento agricolo collettivo tipicamente presente nelle campagne israeliane. Kibbutz
33%
Candelabro a sette bracci tipico della tradizione liturgica ebraica. Menorah
31%
Angelo, generalmente rappresentato con una testa bionda tra due ali spiegate. Cherubino
29%
Sinonimo di "falso", "falsificato", si usa soprattutto per monete e documenti contraffatti. Fasullo
10%
Nessun quiz corrispondente trovato
Distribuzione punteggi
Percentuale di utenti per punteggio
Percentile per numero di risposta
I tuoi punteggi nel tempo
Non hai fatto questo quiz